000 00468nam a22001577a 4500
005 20250217153530.0
008 250217b |||||||| |||| 00| 0 eng d
020 _a9789354601200
082 _a001.424 HIL;1 R
100 _aHillier, Frederick S. Lieberman, Gerald J. Nag, Bodhibrata ...[et al.]
245 _aIntroduction to operations research
250 _a11th ed.
260 _aChennai
_bMcGraw Hill Education
_c2022
300 _axxviii, 1416
942 _cPU
999 _c297938
_d297938